000 00321pab a2200145 454500
008 180718b1988 xxu||||| |||| 00| 0 eng d
100 _aSaha, B.P.
245 _aPrejudice and police investigation
260 _c1988
300 _a1-3
362 _aJun.
650 _aPolice
773 _aCBI Bulletin
909 _a15109
999 _c15109
_d15109